| 000 | 00000nam##2200000za#4500 |
| 001 | 9.596884 |
| 003 | CaOODSP |
| 005 | 20210624203748 |
| 007 | cr ||||||||||| |
| 008 | 150406|2002||||xxc|||||o f|0| 0 fre|d |
| 040 | |aCaOODSP|bfre |
| 043 | |an-cn--- |
| 086 | 1 |aTU3-5/00-43F-PDF |
| 110 | 2 |aBureau de la sécurité des transports du Canada. |
| 245 | 10|aSituation dangereuse - irrégularité d'exploitation du service ATC, Nav Canada, Centre de contrôle régional de Vancouver, Vancouver (Colombie-Britannique), 8 octobre 2000 |h[ressource électronique] |
| 246 | 1 |iDeuxième titre de série imprimé sur la couverture : |aRapport d'enquête sur un événement aéronautique |
| 260 | |aGatineau - Québec : |bBureau de la sécurité des transports du Canada |cle 6 février 2002. |
| 300 | |a9p. |
| 490 | 1 |aRapport d'enquête aéronautique |vA00P0199 |
| 590 | |a09-03-Supp|b2009-04-17 |
| 775 | 08|tHazardous situation - ATC irregularity, Nav Canada Vancouver Area Control Centre, Vancouver, British Columbia, 08 October 2000 |w(CaOODSP)9.565299 |
| 830 | #0|aRapport d'enquête aéronautique ;|vA00P0199|w(CaOODSP)9.501229 |
| 856 | 40|ahttp://publications.gc.ca|qPDF|s2593 Ko|uhttps://publications.gc.ca/collections/collection_2008/tsb-bst/TU3-5-00-43F.pdf|yA00P0199 |